000 00390 a2200133 4500
999 _c327580
_d327580
001 92507
003 NUST
005 20180120144020.0
008 180120b xxu||||| |||| 00| 0 eng d
020 _a978-1-4165-8969-3
082 _a330.91767/NAS
100 _aVali Nasr
_99240
245 _aThe Rise of Islamic Capitalism
_cWHY THE NEW MUSLIM MIDDLE CLASS IS THE KEY TO DEFEATING EXTREMISM
260 _aNew York
_bFree Press
_c2010
300 _av,308p.
942 _aCAE NUST
_cBK
_k330.91767/NAS
_2ddc